[Event "World Teams"]
[Site "Yerevan ARM"]
[Date "2001.10.14"]
[Round "3"]
[White "Malakhatko,V"]
[Black "Dzhumaev,M"]
[Result "1-0"]
[WhiteElo "2555"]
[BlackElo "2473"]
[EventDate "2001.10.12"]

1. d4 f5 2. Nc3 Nf6 3. Bg5 d5 4. Bxf6 exf6 5. e3 Be6 6. Qf3 Nc6 7. Bb5 Qd6
8. Nge2 O-O-O 9. a3 Kb8 10. Nf4 Bf7 11. Nd3 Ne7 12. Nc5 g5 13. Bd3 h5 14.
Qe2 f4 15. O-O h4 16. Nb5 Qc6 17. exf4 gxf4 18. Rfe1 Nc8 19. b4 Rg8 20. Qf3
Bh6 21. a4 Rg5 22. Bf1 Rdg8 23. Qc3 R5g7 24. Ra3 Ka8 25. Qh3 a6 26. Rc3 Bh5
27. Ne6 Bg4 28. Qxh4 Qb6 29. Nxg7 Bxg7 30. Nxc7+ Kb8 31. Qxg4 Qxd4 32. Qf3
f5 33. Nxd5 1-0

[Event "World Teams"]
[Site "Yerevan ARM"]
[Date "2001.10.15"]
[Round "4"]
[White "Iuldachev,S"]
[Black "Gyimesi,Z"]
[Result "1/2-1/2"]
[WhiteElo "2523"]
[BlackElo "2605"]
[EventDate "2001.10.12"]

1. e4 e5 2. Nf3 Nc6 3. Bb5 a6 4. Bxc6 dxc6 5. O-O f6 6. d4 Bg4 7. dxe5 Qxd1
8. Rxd1 fxe5 9. Rd3 Bd6 10. Bg5 h6 11. Bh4 g5 12. Bg3 Bxf3 13. Rxf3 Ke7 14.
Nd2 Ke6 15. Rd3 Ne7 16. Nc4 b5 17. Ne3 c5 18. Rad1 c4 19. R3d2 Bb4 20. c3
Bc5 21. Ng4 Bd6 22. f3 Ng6 23. Ne3 Ne7 24. Kf1 Rhf8 25. h4 Rh8 26. h5 Rh7
27. Ke2 Re8 28. Bf2 Rd8 29. g4 Ng8 30. a4 Rhd7 31. axb5 axb5 32. Ra1 Ne7
33. Ra6 Rc8 34. Nf5 Nxf5 35. exf5+ Ke7 36. Rc6 Rdd8 37. Rd5 Kd7 38. Ra6 Ra8
39. Ba7 Rdb8 1/2-1/2

[Event "World Teams"]
[Site "Yerevan ARM"]
[Date "2001.10.15"]
[Round "4"]
[White "Ruck,R"]
[Black "Vakhidov,T"]
[Result "1-0"]
[WhiteElo "2582"]
[BlackElo "2506"]
[EventDate "2001.10.12"]

1. d4 Nf6 2. c4 g6 3. Nf3 Bg7 4. g3 O-O 5. Bg2 c6 6. Nc3 d6 7. O-O Qa5 8.
e4 e5 9. h3 Nbd7 10. Re1 exd4 11. Nxd4 Ne5 12. Bf1 Re8 13. Rb1 Be6 14. b4
Qb6 15. Nxe6 Rxe6 16. Be3 Qc7 17. f4 Ned7 18. Bf2 Rae8 19. Bg2 Ng4 20. hxg4
Bxc3 21. Re3 Bg7 22. g5 f6 23. Rd3 fxg5 24. c5 gxf4 25. cxd6 Qd8 26. gxf4
Qf6 27. Bh3 Qxf4 28. Qb3 Qf7 29. Rf3 Nf6 30. Bxe6 Qxe6 31. Bh4 Qxb3 32.
Rbxb3 Nd7 33. Be7 a6 34. Rf1 Bd4+ 35. Kg2 Bg7 36. Rbf3 Ne5 37. R3f2 Nd7 38.
Rf7 1-0

[Event "World Teams"]
[Site "Yerevan ARM"]
[Date "2001.10.15"]
[Round "4"]
[White "Egin,V"]
[Black "Acs,P"]
[Result "1-0"]
[WhiteElo "2466"]
[BlackElo "2530"]
[EventDate "2001.10.12"]

1. e4 e5 2. Nf3 Nc6 3. Bb5 a6 4. Bxc6 dxc6 5. O-O f6 6. d4 Bg4 7. dxe5 Qxd1
8. Rxd1 fxe5 9. Rd3 Bd6 10. Nbd2 Nf6 11. b3 O-O 12. Bb2 Rae8 13. Re1 b5 14.
g3 Bh3 15. Ng5 Bc8 16. Kg2 h6 17. Ngf3 g5 18. h3 Kh7 19. Nf1 Kg6 20. N3d2
Nd7 21. Rf3 Rxf3 22. Nxf3 Nc5 23. Ne3 h5 24. Nf5 Bxf5 25. exf5+ Kxf5 26.
Nd4+ Kg6 27. Nxc6 e4 28. a3 h4 29. Nb4 hxg3 30. fxg3 Rf8 31. Re3 Re8 32.
Nd5 Nd7 33. Re2 c6 34. Ne3 Ne5 35. Nd1 Nd7 36. Nf2 e3 37. Ng4 Bc5 38. Bc1
Ne5 39. Nxe3 Nd7 40. Kf1 Nf6 41. Nd1 Rd8 42. Nf2 Rd5 43. Nd3 Bd6 44. Kg2 c5
45. Bb2 c4 46. bxc4 bxc4 47. Ne5+ Bxe5 48. Bxe5 Nd7 49. Bc3 Kf7 50. Kf3 Nb6
51. Kg4 Na4 52. Bd2 Kf6 53. Be3 Nc3 54. Rf2+ Kg6 55. Rf8 Ne4 56. Rg8+ Kf7
57. Rc8 Nf6+ 58. Kf3 Rf5+ 59. Ke2 Re5 60. Kf3 Rf5+ 61. Kg2 Re5 62. Rc7+ Ke6
63. Bd4 Re2+ 64. Kf3 Rxc2 65. Bxf6 Kxf6 66. Kg4 Rc3 67. Rc6+ Ke5 68. Rxa6
Rd3 69. Ra8 c3 70. Rc8 Kd5 71. a4 Rd4+ 72. Kxg5 Rc4 73. Rd8+ Ke4 74. Rd1 c2
75. Rc1 Kf3 76. g4 Kg3 77. Kh5 Kxh3 78. g5 Rc5 79. Kh6 Kg4 80. g6 Rc6 81.
Kh7 Kg5 82. g7 Rh6+ 83. Kg8 Rc6 84. a5 Rc3 85. a6 Kg6 86. Rg1+ Kh6 87. Kh8
Rc8+ 88. g8=Q 1-0

[Event "World Teams"]
[Site "Yerevan ARM"]
[Date "2001.10.15"]
[Round "4"]
[White "Ghaem Maghami,E"]
[Black "Dominguez,L"]
[Result "1/2-1/2"]
[WhiteElo "2513"]
[BlackElo "2596"]
[EventDate "2001.10.12"]

1. e4 c5 2. Nc3 d6 3. Nge2 a6 4. d4 cxd4 5. Nxd4 Nf6 6. g3 e5 7. Nde2 Nbd7
8. Bg2 Be7 9. O-O b5 10. h3 Bb7 11. g4 Nc5 12. Ng3 g6 13. Be3 Nfd7 14. Qd2
Rc8 15. Nd5 Bh4 16. Rad1 Ne6 17. Ne2 Bg5 18. Bxg5 Qxg5 19. Ne3 Rc6 20. a4
bxa4 21. Qb4 Ndc5 22. Nc4 Qe7 23. f4 O-O 24. f5 Nf4 25. Nxf4 exf4 26. Nxd6
Ba8 27. e5 f3 28. Bxf3 Qxe5 29. Qe1 Qxe1 30. Rfxe1 Rxd6 31. Rxd6 Bxf3 32.
Re5 Ne4 1/2-1/2

[Event "World Teams"]
[Site "Yerevan ARM"]
[Date "2001.10.15"]
[Round "4"]
[White "Vera,R"]
[Black "Mahjoob,M"]
[Result "1/2-1/2"]
[WhiteElo "2557"]
[BlackElo "2366"]
[EventDate "2001.10.12"]

1. d4 f5 2. Nc3 Nf6 3. Bg5 d5 4. Bxf6 exf6 5. e3 Be6 6. Qf3 Qd7 7. Bb5 Nc6
8. Nge2 a6 9. Ba4 Rd8 10. a3 b5 11. Bb3 Na5 12. Nf4 c6 13. O-O Bf7 14. Rfe1
Be7 15. a4 b4 16. Na2 O-O 17. Nc1 Nc4 18. Nfd3 a5 19. Ba2 Nd2 20. Qd1 Ne4
21. Nb3 Qc7 22. Rc1 Rfe8 23. c3 bxc3 24. bxc3 Bd6 25. h3 Qa7 26. Nd2 Qa6
27. Nf1 Rb8 28. Qc2 Re7 29. Rb1 Reb7 30. Rxb7 Rxb7 31. f3 Ng5 32. Rb1 Ne6
33. f4 Rxb1 34. Qxb1 g5 35. Ng3 Bg6 36. Ne2 Bh5 37. Ng3 Bg6 38. Ne2 Bh5 39.
Qc2 Qb7 40. Kf2 Bxe2 41. Kxe2 gxf4 42. exf4 Nxf4+ 43. Nxf4 Bxf4 44. Kf3
1/2-1/2

[Event "World Teams"]
[Site "Yerevan ARM"]
[Date "2001.10.15"]
[Round "4"]
[White "Ghorbani,M"]
[Black "Arencibia,W"]
[Result "1/2-1/2"]
[WhiteElo "2323"]
[BlackElo "2533"]
[EventDate "2001.10.12"]

1. d4 d5 2. c4 Nc6 3. Nf3 Bg4 4. cxd5 Bxf3 5. dxc6 Bxc6 6. Nc3 e6 7. a3 Qf6
8. h4 Qf5 9. e3 Nf6 10. Bd3 Qa5 11. Bd2 Qb6 12. Na4 Bxa4 13. Qxa4+ c6 14.
O-O-O Qc7 15. Kb1 Be7 16. h5 Qd7 17. Qc2 O-O-O 18. Be2 Kb8 19. e4 Qc7 20.
Be3 h6 21. Bf3 Qa5 22. Rd3 Nd7 23. d5 Ne5 24. Bf4 Bd6 25. Bxe5 Bxe5 26.
dxc6 Rxd3 27. Qxd3 Qb6 28. Qe2 bxc6 29. Rd1 Rc8 30. Rd2 c5 31. Qc4 Rc6 32.
Ka2 Qb7 33. Rd8+ Kc7 34. Rd2 a6 35. Bd1 Kb8 36. Bb3 Bd4 37. f4 Rb6 38. Qa4
Ka7 39. f5 Qc7 40. fxe6 fxe6 41. Bc4 Qf4 42. Re2 Qf7 43. Rd2 Qf4 44. Re2
Qf7 45. Rd2 1/2-1/2

[Event "World Teams"]
[Site "Yerevan ARM"]
[Date "2001.10.15"]
[Round "4"]
[White "Mitkov,N"]
[Black "Jussupow,A"]
[Result "1/2-1/2"]
[WhiteElo "2514"]
[BlackElo "2633"]
[EventDate "2001.10.12"]

1. e4 e5 2. Nf3 Nf6 3. Nc3 Nc6 4. Bb5 Bb4 5. O-O O-O 6. Bxc6 dxc6 7. Nxe5
Re8 8. Nd3 Bxc3 9. dxc3 Nxe4 10. Qf3 Nd6 11. Bf4 Be6 12. Rfe1 1/2-1/2

[Event "World Teams"]
[Site "Yerevan ARM"]
[Date "2001.10.15"]
[Round "4"]
[White "Lutz,C"]
[Black "Nedev,T"]
[Result "1-0"]
[WhiteElo "2643"]
[BlackElo "2514"]
[EventDate "2001.10.12"]

1. e4 c5 2. Nf3 Nc6 3. Bb5 e6 4. Bxc6 bxc6 5. O-O Ne7 6. d3 Ng6 7. Ng5 e5
8. Qh5 Qe7 9. Na3 d6 10. Nc4 h6 11. Nh3 Bxh3 12. Qxh3 Qe6 13. Qxe6+ fxe6
14. Bd2 Be7 15. g3 Kd7 16. Bc3 Bf6 17. Rfe1 Bd8 18. a3 Bb6 19. Kg2 Rhf8 20.
h4 h5 21. Re2 Rae8 22. b4 Rb8 23. Rf1 Rf7 24. Ree1 Rb7 25. Rb1 cxb4 26.
axb4 Bc7 27. Ra1 d5 28. Na5 Rb8 29. Nb3 Bb6 30. Bd2 Kd6 31. c4 Bd4 32. c5+
Kd7 33. Rxa7+ Ke8 34. Ra6 Rc7 35. Re1 Kd7 36. f3 Rbb7 37. exd5 exd5 38.
Nxd4 exd4 39. Ra8 Ne7 40. Bf4 Ra7 41. Rf8 Rcb7 42. Bg5 1-0

[Event "World Teams"]
[Site "Yerevan ARM"]
[Date "2001.10.15"]
[Round "4"]
[White "Jacimovic,D"]
[Black "Graf,A"]
[Result "0-1"]
[WhiteElo "2486"]
[BlackElo "2610"]
[EventDate "2001.10.12"]

1. d4 Nf6 2. c4 e6 3. Nc3 Bb4 4. Qc2 c5 5. dxc5 O-O 6. a3 Bxc5 7. Nf3 b6 8.
e3 Bb7 9. Be2 Nc6 10. O-O Qb8 11. b4 Bd6 12. Bb2 a5 13. Nb5 Be7 14. Ng5 g6
15. bxa5 Nxa5 16. Rad1 d5 17. Qc3 Rc8 18. Ne4 e5 19. Nxf6+ Bxf6 20. e4 d4
21. Qb4 Bxe4 22. f4 Rd8 23. fxe5 Nc6 24. Qb3 Bxe5 25. Qh3 Qc8 26. Bg4 f5
27. Bf3 d3 28. Nc3 Bd4+ 29. Kh1 Ne5 30. Bxe4 fxe4 31. Qh4 Qg4 32. Qe7 Qd7
33. Qh4 Nxc4 0-1

[Event "World Teams"]
[Site "Yerevan ARM"]
[Date "2001.10.15"]
[Round "4"]
[White "Luther,T"]
[Black "Bogdanovski,V"]
[Result "1-0"]
[WhiteElo "2604"]
[BlackElo "2430"]
[EventDate "2001.10.12"]

1. e4 d6 2. d4 g6 3. Nc3 Bg7 4. f4 Nf6 5. Nf3 O-O 6. Bd3 Na6 7. O-O c5 8.
d5 Bg4 9. a3 Nc7 10. Qe1 Rb8 11. Qh4 b5 12. f5 gxf5 13. e5 Nfxd5 14. Nxd5
Nxd5 15. Bh6 f6 16. h3 c4 17. Be2 Bxh6 18. Qxh6 Bxf3 19. Rxf3 1-0

[Event "World Teams"]
[Site "Yerevan ARM"]
[Date "2001.10.15"]
[Round "4"]
[White "Akopian,V"]
[Black "Svidler,P"]
[Result "1-0"]
[WhiteElo "2660"]
[BlackElo "2686"]
[EventDate "2001.10.12"]

1. Nf3 Nf6 2. c4 e6 3. g3 a6 4. Bg2 b5 5. b3 c5 6. O-O Bb7 7. Nc3 Qa5 8. e3
Be7 9. Qe2 bxc4 10. bxc4 O-O 11. Rb1 Bc6 12. e4 d6 13. Rb3 Ra7 14. d4 cxd4
15. Nxd4 Ba8 16. Be3 Rb7 17. e5 Rxb3 18. exf6 Bxg2 19. Nxb3 Bxf1 20. Qg4
Bxf6 21. Nxa5 Bxc3 22. Kxf1 Bxa5 23. Qd4 Rd8 24. Qa7 h6 25. Bb6 Bxb6 26.
Qxb6 Rc8 27. Qxd6 Kh7 28. c5 Kg6 29. c6 1-0

[Event "World Teams"]
[Site "Yerevan ARM"]
[Date "2001.10.15"]
[Round "4"]
[White "Lputian,S"]
[Black "Sakaev,K"]
[Result "1-0"]
[WhiteElo "2618"]
[BlackElo "2639"]
[EventDate "2001.10.12"]

1. d4 Nf6 2. c4 e6 3. Nf3 b6 4. e3 Bb7 5. Bd3 d5 6. O-O Nbd7 7. b3 Be7 8.
Bb2 O-O 9. Nc3 c5 10. Qe2 cxd4 11. exd4 Re8 12. Ne5 a6 13. Rad1 Nf8 14. Kh1
Bb4 15. f4 Bxc3 16. Bxc3 Ne4 17. Bxe4 dxe4 18. Ng4 f6 19. Ne3 Qc7 20. g4
Rad8 21. f5 Rd7 22. g5 fxg5 23. Qh5 Rf7 24. f6 gxf6 25. d5 exd5 26. Bxf6 d4
27. Ng4 e3+ 28. Kg1 Ng6 29. Nh6+ Kf8 30. Nxf7 Qc6 31. Qh6+ Kxf7 32. Bxd4+
Ke7 33. Qxg5+ Kd7 34. Bxb6+ 1-0

[Event "World Teams"]
[Site "Yerevan ARM"]
[Date "2001.10.16"]
[Round "5"]
[White "Jussupow,A"]
[Black "Akopian,V"]
[Result "1/2-1/2"]
[WhiteElo "2633"]
[BlackElo "2660"]
[EventDate "2001.10.12"]

1. d4 d5 2. c4 c6 3. e3 Nf6 4. Nf3 Bf5 5. Nc3 e6 6. Nh4 Bg6 7. Qb3 Qc7 8.
Nxg6 hxg6 9. g3 Nbd7 10. Bd2 Be7 11. Rc1 Nb6 12. c5 Nbd7 13. Bg2 e5 14. O-O
O-O 15. Qc2 Rfe8 16. b4 Nf8 17. b5 Ne6 18. Qa4 e4 19. f3 exf3 20. Rxf3 Ng5
21. Rf4 Ne6 22. Rff1 Ng5 23. Rf4 Ne6 24. Rff1 Ng5 1/2-1/2

[Event "World Teams"]
[Site "Yerevan ARM"]
[Date "2001.10.16"]
[Round "5"]
[White "Lputian,S"]
[Black "Lutz,C"]
[Result "0-1"]
[WhiteElo "2618"]
[BlackElo "2643"]
[EventDate "2001.10.12"]

1. d4 Nf6 2. c4 e6 3. Nf3 b6 4. e3 Bb7 5. Bd3 d5 6. O-O Bd6 7. b3 O-O 8.
Bb2 Nbd7 9. Nc3 a6 10. Rc1 Qe7 11. Na4 dxc4 12. bxc4 c5 13. Qe2 Rfd8 14.
Rfd1 Rab8 15. Ne5 cxd4 16. exd4 Ba3 17. Nxd7 Nxd7 18. Bxh7+ Kxh7 19. Qd3+
Kg8 20. Bxa3 Qg5 21. Qg3 Qxg3 22. hxg3 Rbc8 23. Be7 Re8 24. Bd6 Bc6 25. Nc3
Bb7 26. Ne2 e5 27. d5 a5 28. Rc3 Ba6 29. Rdc1 Nc5 30. f3 Na4 31. R3c2 Nc5
32. Rc3 Na4 33. R3c2 Nc5 34. Bxc5 Rxc5 35. g4 Rec8 36. d6 Kf8 37. Ng3 Rxc4
38. d7 Rxc2 39. Rxc2 Rd8 40. Rc6 Rxd7 41. Rxb6 Bd3 42. Rb8+ Ke7 43. Ra8 Rd5
44. Ra7+ Kf6 45. Nh5+ Kg6 46. a3 Bc4 47. Kh2 Rc5 48. Kh3 Be6 49. Kh4 Kh6
50. g5+ Kh7 51. g4 Bd5 52. f4 exf4 53. Nxf4 Bb3 54. g6+ fxg6 55. Nh3 Kh6
56. g5+ Kh7 57. Kg3 Be6 58. Nf4 Rxg5+ 59. Kf2 Bb3 60. Nd3 Rf5+ 61. Ke3 g5
62. Ke4 Rb5 63. Ne5 Bc2+ 64. Kd4 a4 65. Nc4 g4 66. Ra5 Rxa5 67. Nxa5 g3 68.
Ke3 Be4 69. Nc4 Bc6 70. Ne5 Bd5 71. Nd3 Kg8 72. Nf4 Bc6 73. Nh5 g2 74. Kf2
Kf7 75. Nf4 Kf6 76. Nd3 Kf5 77. Nb4 Be4 78. Na2 Ke5 79. Nc3 Bc6 80. Ne2 Kd6
81. Nf4 Kc5 0-1

[Event "World Teams"]
[Site "Yerevan ARM"]
[Date "2001.10.16"]
[Round "5"]
[White "Graf,A"]
[Black "Anastasian,A"]
[Result "1-0"]
[WhiteElo "2610"]
[BlackElo "2588"]
[EventDate "2001.10.12"]

1. d4 Nf6 2. c4 e6 3. Nc3 Bb4 4. e3 O-O 5. Bd3 d5 6. Nf3 c5 7. O-O dxc4 8.
Bxc4 Nbd7 9. Bd2 cxd4 10. Nxd4 Nb6 11. Be2 e5 12. Nf3 Qe7 13. a3 Bc5 14.
Nb5 Nbd5 15. Rc1 e4 16. Nfd4 a6 17. Qc2 Bb6 18. Nc3 Bxd4 19. exd4 e3 20.
Nxd5 Nxd5 21. Ba5 Be6 22. Bf3 Rac8 23. Qe2 exf2+ 24. Qxf2 Qd7 25. Rc5 Nf6
26. Rfc1 Bd5 27. Bxd5 Nxd5 28. Qf3 Ne7 29. Rd1 Rc6 30. Bb4 Rd8 31. d5 h6
32. Rxc6 Nxc6 33. Bc3 Ne7 34. d6 Ng6 35. Ba5 Re8 36. h3 Ne5 37. Qd5 Re6 38.
Bc3 Nc6 39. Rd3 Rg6 40. Kh2 Nd8 41. Be1 Ne6 42. Bg3 Rg5 43. Qe4 Rc5 44. Be5
Rc6 45. b4 Nf8 46. Qd5 Ng6 47. Bg3 Nf8 48. Re3 Ne6 49. Be5 Rc8 50. Rg3 Kf8
51. Bxg7+ Nxg7 52. Qe5 f6 53. Qxf6+ Qf7 54. d7 1-0

[Event "World Teams"]
[Site "Yerevan ARM"]
[Date "2001.10.16"]
[Round "5"]
[White "Dominguez,L"]
[Black "Mitkov,N"]
[Result "1-0"]
[WhiteElo "2596"]
[BlackElo "2514"]
[EventDate "2001.10.12"]

1. e4 e5 2. Nf3 Nc6 3. Bb5 Nf6 4. O-O Bc5 5. Nxe5 Nxe4 6. Qe2 Nxe5 7. Qxe4
Qe7 8. Nc3 Ng6 9. Qxe7+ Bxe7 10. Nd5 Bd6 11. Re1+ Kf8 12. Ne3 c6 13. Bf1
Bc5 14. Rb1 d5 15. b4 Bd6 16. b5 f5 17. bxc6 bxc6 18. Bd3 Ne7 19. c4 Kf7
20. cxd5 cxd5 21. Nxd5 Be6 22. Nxe7 Bxe7 23. Rb7 Rhb8 24. Bxf5 Rxb7 25.
Bxe6+ Kf6 26. Bd5 Rb1 27. Bxa8 Ba3 28. Be4 Rxc1 29. Rxc1 Bxc1 30. Bxh7 Bxd2
31. h4 Ke5 32. g3 Kf6 33. Bc2 Ke5 34. Kg2 Kd4 35. Kf3 Be1 36. Ke2 Bb4 37.
f4 Kd5 38. g4 Ke6 39. g5 Ke7 40. Kf3 Be1 41. Kg4 Kf8 42. Bb3 Bf2 43. Kh5
Be3 44. f5 Bf2 45. f6 Be1 46. fxg7+ Kxg7 47. Kg4 a5 48. h5 Kh8 49. h6 a4
50. Bxa4 Bd2 51. Kh5 1-0

[Event "World Teams"]
[Site "Yerevan ARM"]
[Date "2001.10.16"]
[Round "5"]
[White "Nedev,T"]
[Black "Vera,R"]
[Result "1/2-1/2"]
[WhiteElo "2514"]
[BlackElo "2557"]
[EventDate "2001.10.12"]

1. e4 c5 2. Nf3 d6 3. d4 cxd4 4. Nxd4 Nf6 5. Nc3 a6 6. Be3 e6 7. f3 b5 8.
Qd2 Nbd7 9. O-O-O Bb7 10. g4 Nb6 11. Qf2 Nfd7 12. Bd3 Rc8 13. Nce2 Na4 14.
Kb1 Ndc5 15. h4 Qc7 16. b3 Nb6 17. h5 h6 18. g5 hxg5 19. Bxg5 e5 20. Nf5
Nxd3 21. cxd3 Rxh5 22. Bh4 Nd7 23. Rc1 Qb8 24. Rcg1 g6 25. Ne3 a5 26. Ng3
Rh7 27. Bg5 Rxh1 28. Rxh1 Qc7 29. Ng4 a4 30. Rc1 Qb8 31. b4 Rxc1+ 32. Bxc1
d5 33. a3 dxe4 34. dxe4 Qd6 35. Qe2 Bc6 36. Bb2 f6 37. Qc2 Bg7 38. Nf1 Nf8
39. Nfe3 Ne6 40. Nd5 Bxd5 41. exd5 Nf4 42. Qc8+ Ke7 43. Qg8 Bf8 44. Ne3 Qb6
45. Ng4 Qg1+ 46. Ka2 Qd1 47. Qh7+ Kd8 48. Nxf6 Qb3+ 49. Ka1 Qd1+ 50. Ka2
1/2-1/2

[Event "World Teams"]
[Site "Yerevan ARM"]
[Date "2001.10.16"]
[Round "5"]
[White "Arencibia,W"]
[Black "Stamenkov,V"]
[Result "1-0"]
[WhiteElo "2533"]
[BlackElo "2378"]
[EventDate "2001.10.12"]

1. d4 Nf6 2. c4 c5 3. d5 b5 4. cxb5 a6 5. bxa6 Bxa6 6. Nc3 d6 7. g3 g6 8.
Bg2 Bg7 9. Nf3 O-O 10. O-O Nbd7 11. Qc2 Nb6 12. Rd1 Bc4 13. e4 Ng4 14. b3
Ba6 15. Bb2 f5 16. h3 Ne5 17. Ng5 f4 18. gxf4 e6 19. Nxe6 Qh4 20. fxe5 Bxe5
21. Na4 Nd7 22. Bxe5 Nxe5 23. f4 Rxf4 24. Nxf4 Qxf4 25. Qf2 Qg5 26. Rf1
Bxf1 27. Rxf1 Kg7 28. Nb6 Rd8 29. Nc4 1-0

[Event "World Teams"]
[Site "Yerevan ARM"]
[Date "2001.10.16"]
[Round "5"]
[White "Kasimdzhanov,R"]
[Black "Ghaem Maghami,E"]
[Result "1-0"]
[WhiteElo "2706"]
[BlackElo "2513"]
[EventDate "2001.10.12"]

1. d4 Nf6 2. c4 c5 3. d5 b5 4. cxb5 a6 5. bxa6 Bxa6 6. Nc3 g6 7. g3 d6 8.
Nf3 Bg7 9. Bg2 Nbd7 10. Rb1 Nb6 11. b3 O-O 12. O-O Ne8 13. Bb2 Nc7 14. Nh4
Ra7 15. Qd2 Qd7 16. Rfd1 Rb8 17. Ba1 Bc8 18. a4 Rba8 19. Nf3 Bb7 20. e4 Bc8
21. Re1 Qd8 22. h3 c4 23. Qe3 Ne8 24. Nb5 Ra6 25. Bxg7 Nxg7 26. Nfd4 Bd7
27. e5 Nf5 28. Qc3 dxe5 29. Rxe5 Nxd4 30. Nxd4 cxb3 31. Nc6 Bxc6 32. dxc6
Qc7 33. Rb5 Nxa4 34. Qxb3 1-0

[Event "World Teams"]
[Site "Yerevan ARM"]
[Date "2001.10.16"]
[Round "5"]
[White "Mahjoob,M"]
[Black "Safin,S"]
[Result "1/2-1/2"]
[WhiteElo "2366"]
[BlackElo "2538"]
[EventDate "2001.10.12"]

1. e4 e5 2. Nf3 Nc6 3. Nc3 Nf6 4. d4 exd4 5. Nd5 Nxe4 6. Qe2 f5 7. Ng5 d3
8. cxd3 Nd4 9. Qh5+ g6 10. Qh4 c6 11. dxe4 cxd5 12. exd5 Bg7 13. Qg3 O-O
14. Bd3 Qa5+ 15. Bd2 Re8+ 16. Kd1 Qa4+ 17. b3 Nxb3 18. Bc2 Qd4 19. Bxb3
Qxa1+ 20. Bc1 Qd4+ 21. Bd2 Qa1+ 22. Bc1 Qd4+ 23. Bd2 d6 24. Qxd6 Be5 25.
Qb4 Bd7 26. Qxd4 Bxd4 27. h4 h6 28. Ne6 Bxe6 29. dxe6 Kg7 30. Ke2 Bf6 31.
g3 Rac8 32. a4 b6 33. Rb1 h5 34. Be3 Re7 35. Bf4 Rc5 36. Bd6 Rc3 1/2-1/2

[Event "World Teams"]
[Site "Yerevan ARM"]
[Date "2001.10.16"]
[Round "5"]
[White "Iuldachev,S"]
[Black "Ghorbani,M"]
[Result "1-0"]
[WhiteElo "2523"]
[BlackElo "2323"]
[EventDate "2001.10.12"]

1. e4 c5 2. Nf3 Nc6 3. Nc3 Qc7 4. Bb5 e6 5. O-O Bd6 6. Bxc6 dxc6 7. d4 cxd4
8. e5 Bf8 9. Qxd4 Ne7 10. Ne4 Nf5 11. Qd3 h5 12. Bg5 Be7 13. Bxe7 Qxe7 14.
Nd6+ Kf8 15. Rad1 g6 16. Qa3 Kg8 17. Rd3 Qf8 18. Rfd1 Kg7 19. Ng5 Nxd6 20.
Rxd6 Qe7 21. h4 Rf8 22. c4 b5 23. c5 a5 24. Qf3 Ra7 25. Qxc6 Bb7 26. Qxb5
Bd5 27. c6 Rc8 28. Rd4 Qe8 29. Qb6 Re7 30. Qxa5 Rxc6 31. Rxc6 Qxc6 32. Qd8
Rb7 33. Qf6+ Kg8 34. Qd8+ Kg7 35. b3 Rd7 36. Qf6+ Kg8 37. Kh2 Qb7 38. f3
Qa7 39. Rb4 Qc7 40. a4 Re7 41. a5 Re8 42. Rb6 Rf8 43. b4 Bc4 44. Rd6 Bf1
45. Rd2 Bb5 46. Ne4 Bf1 47. Nc5 Bb5 48. g4 hxg4 49. h5 Kh7 50. fxg4 gxh5
51. g5 Bc6 52. Rd6 Qb8 53. Rxc6 Qxb4 54. g6+ Kg8 55. gxf7+ Kh7 56. Nxe6
Qd2+ 57. Kg3 Qe3+ 58. Kh4 Qe1+ 59. Kxh5 Qe2+ 60. Kh4 Qh2+ 61. Kg4 Qg2+ 62.
Kf5 Qh3+ 63. Ke4 Qh1+ 64. Qf3 Qe1+ 65. Kd4 Qb4+ 66. Ke3 Qe1+ 67. Qe2 Qg3+
68. Kd2 1-0

[Event "World Teams"]
[Site "Yerevan ARM"]
[Date "2001.10.16"]
[Round "5"]
[White "Roghani,A"]
[Black "Dzhumaev,M"]
[Result "0-1"]
[WhiteElo "2276"]
[BlackElo "2473"]
[EventDate "2001.10.12"]

1. d4 f5 2. g3 Nf6 3. Bg2 g6 4. c4 d6 5. Nc3 Bg7 6. Nh3 c6 7. d5 O-O 8. Nf4
e5 9. dxe6 Qe7 10. O-O Bxe6 11. Nxe6 Qxe6 12. b3 Ne4 13. Nxe4 Bxa1 14. Bh6
Bg7 15. Bxg7 Kxg7 16. Nxd6 b6 17. e4 f4 18. gxf4 Rxf4 19. Qa1+ Kh6 20. e5
Nd7 21. Bxc6 Raf8 22. Bxd7 Qxd7 23. Qc3 Qg4+ 24. Qg3 Qh5 25. Qe3 Qg5+ 26.
Kh1 Kg7 27. e6 Qe7 28. Qc3+ R8f6 29. Qe5 Qxe6 30. Qxe6 Rxe6 31. Nb5 Rf7 32.
Nc3 Re3 33. Nb5 Re2 34. a4 Rb2 35. Nd4 Rfxf2 36. Rxf2 Rxf2 37. b4 Ra2 0-1

[Event "World Teams"]
[Site "Yerevan ARM"]
[Date "2001.10.16"]
[Round "5"]
[White "Ponomariov,R"]
[Black "Leko,P"]
[Result "1/2-1/2"]
[WhiteElo "2684"]
[BlackElo "2739"]
[EventDate "2001.10.12"]

1. e4 c5 2. Nf3 Nc6 3. d4 cxd4 4. Nxd4 Nf6 5. Nc3 e5 6. Ndb5 d6 7. Bg5 a6
8. Na3 b5 9. Bxf6 gxf6 10. Nd5 f5 11. c3 Bg7 12. exf5 Bxf5 13. Nc2 O-O 14.
Nce3 Be6 15. Bd3 f5 16. Qh5 e4 17. Bc2 Ne7 18. Rd1 b4 19. O-O bxc3 20. bxc3
Kh8 21. g3 Rc8 22. Bb3 Bf7 23. Qe2 Bxd5 24. Nxd5 Nxd5 25. Bxd5 a5 26. c4
Rb8 1/2-1/2

[Event "World Teams"]
[Site "Yerevan ARM"]
[Date "2001.10.16"]
[Round "5"]
[White "Gyimesi,Z"]
[Black "Baklan,V"]
[Result "1/2-1/2"]
[WhiteElo "2605"]
[BlackElo "2590"]
[EventDate "2001.10.12"]

1. d4 Nf6 2. c4 g6 3. Nc3 Bg7 4. e4 d6 5. h3 O-O 6. Bg5 c6 7. Nf3 e5 8. d5
Na6 9. Be2 h6 10. Be3 Nc5 11. Nd2 a5 12. a3 Bd7 13. b4 axb4 14. axb4 Na6
15. Qb1 c5 16. bxc5 Nxc5 17. Bxc5 dxc5 18. O-O Qc7 19. Qb2 Ra6 20. Rfb1
Rfa8 21. Rxa6 bxa6 22. Qb6 Qxb6 23. Rxb6 Be8 24. Bd1 Nd7 25. Rb7 Rb8 26.
Ra7 Nb6 27. Rxa6 h5 28. Be2 Bf8 29. Ra1 Nc8 30. Rb1 Ra8 31. Bd3 Nd6 32. Kf1
Be7 33. Ke2 Kf8 34. Rb2 Bd8 35. Nf3 f6 36. Nd2 Ke7 37. Ra2 Rxa2 38. Nxa2 g5
39. Nb3 Bb6 40. Nc3 h4 41. Ke3 Kd8 42. Be2 Kc7 43. Kd3 Kd8 44. Bg4 Kc7 45.
Bd1 Kd8 46. Nd2 Ba5 47. Ndb1 Bb4 48. g4 Bd7 49. Ba4 Bc8 50. Nb5 Bd7 51.
N1c3 Bxb5 52. Nxb5 Nxb5 53. cxb5 Kc7 54. Kc4 Ba5 55. Kxc5 Bb6+ 56. Kb4 Kd6
57. f3 Kd7 58. Kc4 Kd6 59. Bd1 Kd7 60. f4 Kd6 61. fxg5 fxg5 62. Bb3 Kd7 63.
Kb4 Kd6 64. Ba2 Kd7 65. d6 Kxd6 66. Bg8 Kc7 67. Kc4 Kd6 68. Bf7 Ba5 1/2-1/2

[Event "World Teams"]
[Site "Yerevan ARM"]
[Date "2001.10.16"]
[Round "5"]
[White "Eingorn,V"]
[Black "Ruck,R"]
[Result "1-0"]
[WhiteElo "2601"]
[BlackElo "2582"]
[EventDate "2001.10.12"]

1. Nf3 c5 2. c4 Nc6 3. e3 Nf6 4. Nc3 e6 5. d4 d5 6. a3 a6 7. b3 Be7 8. Bb2
O-O 9. Bd3 Re8 10. O-O Bf8 11. Rc1 dxc4 12. bxc4 cxd4 13. exd4 g6 14. Ne4
Bg7 15. Re1 Nxe4 16. Bxe4 Bd7 17. Bc3 Na5 18. Ne5 Bxe5 19. dxe5 Nxc4 20.
Bxb7 Rb8 21. Bxa6 Nxa3 22. Ra1 Nb5 23. Ba5 Qe7 24. Qd2 Bc6 25. Rec1 Bd5 26.
Rab1 Na7 27. Rxb8 Rxb8 28. Bc7 Ra8 29. Bd6 Qh4 30. h3 Qe4 31. f3 Qa4 32.
Rc7 Nc6 33. Bb7 Rd8 34. Bxc6 Bxc6 35. Kh2 Qa8 36. Qh6 1-0

[Event "World Teams"]
[Site "Yerevan ARM"]
[Date "2001.10.16"]
[Round "5"]
[White "Acs,P"]
[Black "Malakhatko,V"]
[Result "1/2-1/2"]
[WhiteElo "2530"]
[BlackElo "2555"]
[EventDate "2001.10.12"]

1. e4 c5 2. Nf3 e6 3. d4 cxd4 4. Nxd4 Nf6 5. Nc3 Nc6 6. Ndb5 d6 7. Bf4 e5
8. Bg5 a6 9. Na3 b5 10. Bxf6 gxf6 11. Nd5 f5 12. Bd3 Be6 13. O-O Bxd5 14.
exd5 Ne7 15. c3 Bg7 16. Qh5 e4 17. Bc2 Qc8 18. Rae1 O-O 19. Bb3 Ng6 20. Nc2
Nf4 21. Qg5 Nd3 22. Ne3 h6 23. Qxf5 Nxe1 24. Rxe1 Re8 25. Qf4 Re5 26. g4
Qd8 27. Nf5 Qf6 28. Rxe4 Rae8 29. Bc2 a5 30. Rxe5 Rxe5 31. Be4 b4 32. f3
bxc3 33. bxc3 a4 34. Kf1 a3 35. Qc1 Rxf5 36. Bxf5 Qxc3 37. Qxc3 Bxc3
1/2-1/2

[Event "World Teams"]
[Site "Yerevan ARM"]
[Date "2001.10.17"]
[Round "6"]
[White "Ghaem Maghami,E"]
[Black "Ivanchuk,V"]
[Result "1/2-1/2"]
[WhiteElo "2513"]
[BlackElo "2731"]
[EventDate "2001.10.12"]

1. e4 e6 2. d4 d5 3. Nc3 Bb4 4. e5 Ne7 5. Bd2 b6 6. Bb5+ Bd7 7. Bd3 c5 8.
a3 Bxc3 9. Bxc3 Nbc6 10. Nf3 Ng6 11. Bxg6 fxg6 12. O-O O-O 13. dxc5 bxc5
14. b4 Qe7 15. bxc5 Qxc5 16. Qd3 Rf4 17. Bd2 Rc4 18. Rab1 Rxc2 19. Rfc1
Rxc1+ 20. Rxc1 Qb6 21. Be3 Qa5 22. h4 Qa4 23. Bc5 Na5 24. Bb4 Nc4 25. h5 a5
26. Bd6 gxh5 27. Ng5 g6 28. Bc5 Nxe5 1/2-1/2